[Event "Mittelrhein Verbandsliga-N 17/18"]
[Site "Nordrheinwestfalen"]
[Date "2018.01.14"]
[Round "6.3"]
[White "Hermann, Waldemar"]
[Black "Kersten, Alexander"]
[Result "0-1"]
[WhiteElo "1974"]
[BlackElo "1926"]
[PlyCount "110"]
[EventDate "2017.09.10"]
[EventType "team-swiss"]
[EventRounds "11"]
[EventCountry "GER"]
[SourceTitle "EXT 2022"]
[Source "ChessBase"]
[SourceDate "2021.10.06"]
[SourceVersion "1"]
[SourceVersionDate "2021.10.06"]
[SourceQuality "1"]
[WhiteTeam "Koeln Muelheim"]
[BlackTeam "Rheinpark BSG"]
[WhiteTeamCountry "GER"]
[BlackTeamCountry "GER"]

1. e4 g6 2. d4 Bg7 3. f4 d5 4. e5 Nh6 5. Nf3 0-0 6. Be2 c5 7. c3 cxd4 8. cxd4 Nc6 9. Na3 Bg4 10. Be3 Nf5 11. Nc2 Qb6 12. Bf2 Qxb2 13. 0-0 e6 14. h3 Bxf3 15. Bxf3 Qb6 16. g4 Nfe7 17. Qd2 f6 18. exf6 Bxf6 19. Rae1 Nd8 20. Re2 Rc8 21. Qd3 Rc4 22. Be3 Qc7 23. Rg2 Kh8 24. Rd1 Bg7 25. h4 Rc3 26. Qd2 Rxe3 27. Qxe3 Qxf4 28. Qxf4 Rxf4 29. Be2 Nec6 30. Rf2 Nxd4 31. Nxd4 Rxd4 32. Kg2 Rb4 33. Bf3 Nc6 34. Rc2 Kg8 35. Rd3 Kf7 36. Rb3 Rxb3 37. axb3 Ke7 38. Ra2 a6 39. g5 Nd4 40. Bd1 Nf5 41. Kh3 Kd6 42. h5 e5 43. Rf2 e4 44. Bg4 Ke6 45. Bxf5+ gxf5 46. Rc2 d4 47. Kg2 Be5 48. Kf1 d3 49. Rd2 Bf4 50. Rg2 Be5 51. g6 e3 52. g7 e2+ 53. Kf2 Bd4+ 54. Kf3 Bxg7 55. Rxg7 e1Q 0-1

[Event "Mittelrhein Verbandsliga-N 17/18"]
[Site "Nordrheinwestfalen"]
[Date "2017.12.03"]
[Round "5.3"]
[White "Spiekermann, Thomas"]
[Black "Hermann, Waldemar"]
[Result "1/2-1/2"]
[WhiteElo "1965"]
[BlackElo "1974"]
[PlyCount "30"]
[EventDate "2017.09.10"]
[EventType "team-swiss"]
[EventRounds "11"]
[EventCountry "GER"]
[SourceTitle "EXT 2022"]
[Source "ChessBase"]
[SourceDate "2021.10.06"]
[SourceVersion "1"]
[SourceVersionDate "2021.10.06"]
[SourceQuality "1"]
[WhiteTeam "Dormagen SV"]
[BlackTeam "Koeln Muelheim"]
[WhiteTeamCountry "GER"]
[BlackTeamCountry "GER"]

1. d4 Nf6 2. Bf4 e6 3. e3 c5 4. c3 d5 5. Nd2 Nc6 6. Bd3 Bd6 7. Bg3 e5 8. dxc5 Bxc5 9. e4 0-0 10. Ngf3 Bg4 11. 0-0 d4 12. Nb3 Bb6 13. cxd4 Bxf3 14. Qxf3 Nxd4 15. Nxd4 Bxd4 1/2-1/2

[Event "Mittelrhein Verbandsliga-M 16/17"]
[Site "Nordrheinwestfalen"]
[Date "2017.02.19"]
[Round "8.3"]
[White "Hermann, Waldemar"]
[Black "Pislaru, Adrian Maximilian"]
[Result "1-0"]
[WhiteElo "1994"]
[BlackElo "1745"]
[PlyCount "88"]
[EventDate "2016.09.11"]
[EventType "team-tourn"]
[EventRounds "11"]
[EventCountry "GER"]
[SourceTitle "EXT 2022"]
[Source "ChessBase"]
[SourceDate "2021.10.06"]
[SourceVersion "1"]
[SourceVersionDate "2021.10.06"]
[SourceQuality "1"]
[WhiteTeam "Koeln Muelheim"]
[BlackTeam "Porz SG V"]
[WhiteTeamCountry "GER"]
[BlackTeamCountry "GER"]

1. e4 e6 2. d4 d5 3. e5 c5 4. c3 Nc6 5. Nf3 Qb6 6. Be2 cxd4 7. cxd4 Nge7 8. Na3 Bd7 9. 0-0 Nf5 10. Nc2 Be7 11. g4 Nh4 12. Nxh4 Bxh4 13. Kg2 f6 14. f4 fxe5 15. fxe5 0-0-0 16. b4 Be8 17. a4 Kb8 18. a5 Qc7 19. Ba3 Bg6 20. Bd3 Be4+ 21. Kh3 Nxe5 22. dxe5 Qxe5 23. Bc1 g5 24. Qe2 Qc3 25. Ra3 Bxd3 26. Qxd3 Qc6 27. Nd4 Qd7 28. Nf3 h5 29. Ne5 hxg4+ 30. Kxg4 Qd6 31. Qe2 Qxb4+ 32. Kf3 Rhf8+ 33. Kg2 Rxf1 34. Kxf1 Qb1 35. Nd3 Rf8+ 36. Kg2 Qb5 37. Qe5+ Ka8 38. a6 Qc6 39. axb7+ Qxb7 40. Qb2 Qc6 41. Rc3 Qa4 42. Qe2 e5 43. Ba3 Re8 44. Bc5 Qb5 1-0

[Event "Mittelrhein-chT 1112"]
[Site "Germany"]
[Date "2012.02.26"]
[Round "9.5"]
[White "Hermann, Waldemar"]
[Black "Gorges, Kambiz"]
[Result "1/2-1/2"]
[WhiteElo "2039"]
[BlackElo "1854"]
[PlyCount "119"]
[EventDate "2011.09.11"]
[EventType "team-tourn"]
[EventRounds "13"]
[EventCountry "GER"]
[SourceTitle "EXT 2013"]
[Source "ChessBase"]
[SourceDate "2012.11.22"]
[SourceVersion "1"]
[SourceVersionDate "2012.11.22"]
[SourceQuality "1"]
[WhiteTeam "Koeln Muelheim"]
[BlackTeam "Aachen Hoern"]
[WhiteTeamCountry "GER"]
[BlackTeamCountry "GER"]

1. e4 c5 2. Nf3 e6 3. d4 cxd4 4. Nxd4 Nf6 5. Nc3 d6 6. Be2 Be7 7. Be3 0-0 8. Qd2 a6 9. 0-0 Nc6 10. f4 Qc7 11. Bf3 Re8 12. Qf2 Rb8 13. Nb3 b5 14. e5 Nd7 15. exd6 Bxd6 16. g3 Nb6 17. Ne4 Bf8 18. Bc5 Nc4 19. Rab1 Nb4 20. Bxf8 Rxf8 21. a3 Nd5 22. Nd4 Bb7 23. Rfe1 h6 24. c3 Rfe8 25. Nd2 Ncb6 26. Re2 Rbd8 27. Rbe1 Nd7 28. Ne4 N5b6 29. Nd2 Na4 30. Bxb7 Qxb7 31. Ne4 Qc7 32. Qf3 Nab6 33. Nf2 Nc4 34. Nd3 Nf6 35. Ne5 Rd6 36. g4 Red8 37. g5 hxg5 38. fxg5 Nxe5 39. Rxe5 Nd7 40. R5e2 Rd5 41. g6 Rg5+ 42. Rg2 Rxg6 43. Rxg6 fxg6 44. Nxe6 Qb6+ 45. Nd4 Rf8 46. Qd5+ Rf7 47. Re7 Qf6 48. Rxf7 Qxf7 49. Qa8+ Kh7 50. Qg2 Nf6 51. Qh3+ Nh5 52. Qf3 Qa2 53. Qf2 Qb1+ 54. Kg2 Qc1 55. Ne6 Qb1 56. Ng5+ Kh6 57. Nf7+ Kh7 58. Ng5+ Kh6 59. Nf7+ Kh7 60. Ng5+ 1/2-1/2

[Event "Regionalliga Mittelrhein 1011"]
[Site "Germany"]
[Date "2011.04.10"]
[Round "8.5"]
[White "Hermann, Waldemar"]
[Black "Albrecht, Oliver"]
[Result "1/2-1/2"]
[WhiteElo "2060"]
[BlackElo "2068"]
[PlyCount "119"]
[EventDate "2010.10.24"]
[EventType "team"]
[EventRounds "9"]
[EventCountry "GER"]
[SourceTitle "EXT 2015"]
[Source "ChessBase"]
[SourceDate "2014.11.20"]
[SourceVersion "1"]
[SourceVersionDate "2014.11.20"]
[SourceQuality "1"]
[WhiteTeam "Koeln Muelheim"]
[BlackTeam "Bonn Beuel"]
[WhiteTeamCountry "GER"]
[BlackTeamCountry "GER"]

1. e4 c5 2. Nf3 d6 3. d4 cxd4 4. Nxd4 Nf6 5. Nc3 a6 6. Be2 e6 7. Be3 Be7 8. Qd2 Qc7 9. 0-0 b5 10. a3 Bb7 11. f3 Nbd7 12. g4 Nb6 13. Nd1 d5 14. e5 Nfd7 15. f4 g6 16. b3 Rc8 17. Bd3 Nc5 18. Qf2 h5 19. h3 hxg4 20. hxg4 Rh4 21. Qg3 Kd7 22. Nf2 Rch8 23. Rfd1 Ke8 24. Bf1 Ne4 25. Qf3 Nd7 26. Bg2 g5 27. Nxe4 dxe4 28. Qg3 gxf4 29. Bxf4 Rg8 30. Bh3 Qb6 31. c3 Rgh8 32. Bg2 Bd5 33. b4 Qb7 34. Be3 Rg8 35. Bh3 f5 36. exf6 Bxf6 37. Rf1 Rgh8 38. Bg2 Be5 39. Bf4 Qc7 40. Rab1 Bxf4 41. Rxf4 e5 42. Rf5 Qd8 43. Nc2 Qb6+ 44. Ne3 Be6 45. Rf2 Qc6 46. Nf5 Bxf5 47. Rxf5 Qb6+ 48. Kf1 Qc6 49. Re1 Qc4+ 50. Kg1 Qd3 51. Rxe5+ Nxe5 52. Qxe5+ Kd7 53. Rxe4 Qd1+ 54. Re1 Qd6 55. Qf5+ Kc7 56. Qf7+ Kd8 57. Qf3 Qb6+ 58. Kf1 R4h7 59. Qa8+ Kc7 60. Qf3 1/2-1/2

[Event "Cologne-ch 49th"]
[Site "Cologne"]
[Date "2000.11.04"]
[Round "6"]
[White "Bonnmann, Reinhard"]
[Black "Hermann, Waldemar"]
[Result "0-1"]
[WhiteElo "2271"]
[BlackElo "2190"]
[PlyCount "58"]
[EventDate "2000.07.10"]
[EventType "swiss"]
[EventRounds "9"]
[EventCountry "GER"]
[SourceTitle "EXT 2002"]
[Source "ChessBase"]
[SourceDate "2001.11.25"]
[SourceVersion "1"]
[SourceVersionDate "2001.11.25"]
[SourceQuality "1"]

1. d4 d5 2. Nf3 e6 3. g3 c5 4. c4 cxd4 5. Nxd4 Bb4+ 6. Nc3 Bxc3+ 7. bxc3 Ne7 8. Bg2 0-0 9. 0-0 Qa5 10. cxd5 exd5 11. Qb3 Nbc6 12. Ba3 Re8 13. Bxe7 Nxe7 14. Qb5 Qd8 15. Rfd1 a6 16. Qb3 Qa5 17. Qb4 Qc7 18. Rac1 b5 19. Nc2 Bb7 20. Ne3 Rad8 21. a4 Bc6 22. axb5 Bxb5 23. Bf3 Rd7 24. Qa3 Red8 25. Rd2 Qe5 26. Rcd1 Qe6 27. Qa2 Bc6 28. Qxa6 g6 29. Qb6 Ba4 0-1